| 000 | 00683nam a22001817a 4500 | ||
|---|---|---|---|
| 999 |
_c178478 _d178478 |
||
| 005 | 20210331155755.0 | ||
| 010 | _aENG-129362 | ||
| 020 |
_a978-93-5388-306-5 _c1195.00 |
||
| 035 | _aEN-112894 | ||
| 037 | _bDBAD/PUB | ||
| 082 | _a338.95483 | ||
| 100 | _aPrakash, B. A. | ||
| 245 |
_aLocal Finance, Fiscal Decentralization and Decentralised Planning: a Kerala Experience/ _cB. A. Prakash |
||
| 260 |
_aNew Delhi _bSage Publication India _c2020 |
||
| 270 |
_aB1/1-1 Mohan Cooperative Industrial Area Mathura Road _bNew Delhi _e110044 |
||
| 300 |
_axix+229p. _c22cm(hbk) _bIncluding tables, bibliographical references and index. |
||
| 942 |
_2ddc _cEN _h338.95483 _mPRA |
||